[Event "Tournoi International du Pays de Charleroi 2018"]
[Site "Roux, Belgium"]
[Date "2018.07.28"]
[Round "1.23"]
[White "Kolp, Theo"]
[Black "Mulder, Bart-Piet"]
[Result "1/2-1/2"]
[WhiteElo "1980"]
[BlackElo "2176"]

1. Nf3 {[%clk 01:30:56]} {[%emt 00:00:03]} Nf6 {[%clk 01:30:31]} {[%emt
00:00:30]} 2. d4 {[%clk 01:31:19]} {[%emt 00:00:07]} d5 {[%clk 01:30:36]}
{[%emt 00:00:25]} 3. Bf4 {[%clk 01:31:27]} {[%emt 00:00:22]} g6 {[%clk
01:24:05]} {[%emt 00:07:01]} 4. e3 {[%clk 01:31:05]} {[%emt 00:00:52]} Bg7
{[%clk 01:24:31]} {[%emt 00:00:04]} 5. Bd3 {[%clk 01:30:54]} {[%emt 00:00:41]}
c5 {[%clk 01:23:35]} {[%emt 00:01:26]} 6. c3 {[%clk 01:30:08]} {[%emt
00:01:16]} Qb6 {[%clk 01:22:37]} {[%emt 00:01:29]} 7. b3 {[%clk 01:22:32]}
{[%emt 00:08:05]} Nc6 {[%clk 01:19:35]} {[%emt 00:03:32]} 8. h3 {[%clk
01:19:20]} {[%emt 00:03:43]} Bd7 {[%clk 01:08:54]} {[%emt 00:11:11]} 9. Nbd2
{[%clk 01:14:25]} {[%emt 00:05:23]} cxd4 {[%clk 00:59:44]} {[%emt 00:09:42]} 10.
exd4 {[%clk 01:13:13]} {[%emt 00:01:42]} Rc8 {[%clk 00:56:53]} {[%emt
00:03:20]} 11. O-O {[%clk 01:03:55]} {[%emt 00:09:48]} O-O {[%clk 00:56:45]}
{[%emt 00:00:39]} 12. Re1 {[%clk 01:00:23]} {[%emt 00:04:01]} Rfe8 {[%clk
00:55:43]} {[%emt 00:01:32]} 13. Rc1 {[%clk 00:56:44]} {[%emt 00:04:08]} a6
{[%clk 00:42:13]} {[%emt 00:14:01]} 14. b4 {[%clk 00:52:39]} {[%emt 00:04:35]}
Nh5 {[%clk 00:36:46]} {[%emt 00:05:57]} 15. Bh2 {[%clk 00:49:23]} {[%emt
00:03:45]} Bh6 {[%clk 00:35:03]} {[%emt 00:02:13]} 16. g4 {[%clk 00:35:50]}
{[%emt 00:14:04]} Nf4 {[%clk 00:34:54]} {[%emt 00:00:39]} 17. Bf1 {[%clk
00:36:00]} {[%emt 00:00:20]} f6 {[%clk 00:31:49]} {[%emt 00:03:36]} 18. Qb3
{[%clk 00:29:16]} {[%emt 00:07:14]} e6 {[%clk 00:31:32]} {[%emt 00:00:46]} 19.
Rb1 {[%clk 00:26:27]} {[%emt 00:03:18]} Nd8 {[%clk 00:21:53]} {[%emt 00:10:09]}
20. c4 {[%clk 00:24:38]} {[%emt 00:02:19]} dxc4 {[%clk 00:21:27]} {[%emt
00:00:56]} 21. Nxc4 {[%clk 00:25:00]} {[%emt 00:00:09]} Qc6 {[%clk 00:17:05]}
{[%emt 00:04:53]} 22. g5 {[%clk 00:20:26]} {[%emt 00:05:03]} fxg5 {[%clk
00:13:16]} {[%emt 00:04:19]} 23. Nfe5 {[%clk 00:20:22]} {[%emt 00:00:35]} Qc7
{[%clk 00:07:10]} {[%emt 00:06:35]} 24. Nxd7 {[%clk 00:20:44]} {[%emt
00:00:08]} Qxd7 {[%clk 00:07:28]} {[%emt 00:00:12]} 25. Nb6 {[%clk 00:21:02]}
{[%emt 00:00:12]} Qc6 {[%clk 00:07:13]} {[%emt 00:00:45]} 26. Nxc8 {[%clk
00:21:24]} {[%emt 00:00:09]} Qxc8 {[%clk 00:07:39]} {[%emt 00:00:03]} 27. Bxf4
{[%clk 00:19:59]} {[%emt 00:01:55]} gxf4 {[%clk 00:08:05]} {[%emt 00:00:05]} 28.
d5 {[%clk 00:20:09]} {[%emt 00:00:19]} e5 {[%clk 00:07:40]} {[%emt 00:00:55]}
29. d6+ {[%clk 00:19:45]} {[%emt 00:00:53]} Kh8 {[%clk 00:06:56]} {[%emt
00:01:15]} 30. Qd5 {[%clk 00:16:49]} {[%emt 00:03:25]} Qe6 {[%clk 00:05:34]}
{[%emt 00:01:53]} 31. d7 {[%clk 00:12:30]} {[%emt 00:04:49]} Re7 {[%clk
00:05:59]} {[%emt 00:00:05]} 32. Qxe6 {[%clk 00:10:34]} {[%emt 00:02:25]} Rxe6
{[%clk 00:06:24]} {[%emt 00:00:04]} 33. Rbd1 {[%clk 00:09:36]} {[%emt
00:01:29]} e4 {[%clk 00:04:49]} {[%emt 00:02:05]} 34. Bc4 {[%clk 00:08:05]}
{[%emt 00:02:01]} Re7 {[%clk 00:05:07]} {[%emt 00:00:13]} 35. Re2 {[%clk
00:04:19]} {[%emt 00:04:16]} f3 {[%clk 00:02:09]} {[%emt 00:03:28]} 36. Rc2
{[%clk 00:03:52]} {[%emt 00:00:56]} e3 {[%clk 00:02:34]} {[%emt 00:00:06]} 37.
fxe3 {[%clk 00:03:26]} {[%emt 00:00:56]} Bxe3+ {[%clk 00:02:59]} {[%emt
00:00:05]} 38. Kf1 {[%clk 00:03:49]} {[%emt 00:00:06]} Bb6 {[%clk 00:02:10]}
{[%emt 00:01:21]} 39. Rc3 {[%clk 00:02:27]} {[%emt 00:01:52]} f2 {[%clk
00:02:11]} {[%emt 00:00:28]} 40. a4 {[%clk 00:01:53]} {[%emt 00:01:03]} a5
{[%clk 00:00:59]} {[%emt 00:01:43]} 41. b5 {[%clk 00:01:50]} {[%emt 00:00:32]}
Kg7 {[%clk 00:27:38]} {[%emt 00:03:51]} 42. Be2 {[%clk 00:29:49]} {[%emt
00:02:33]} Re4 {[%clk 00:22:00]} {[%emt 00:06:07]} 43. Rd6 {[%clk 00:26:50]}
{[%emt 00:03:29]} Be3 {[%clk 00:17:58]} {[%emt 00:04:33]} 44. Bf3 {[%clk
00:20:56]} {[%emt 00:06:24]} Re5 {[%clk 00:17:30]} {[%emt 00:00:57]} 45. Rc8
{[%clk 00:20:44]} {[%emt 00:00:42]} Bc5 {[%clk 00:15:12]} {[%emt 00:02:48]} 46.
Rd1 {[%clk 00:18:44]} {[%emt 00:02:28]} Bb6 {[%clk 00:15:40]} {[%emt 00:00:04]}
47. Rc4 {[%clk 00:11:19]} {[%emt 00:07:54]} Re3 {[%clk 00:14:02]} {[%emt
00:02:08]} 48. Bg2 {[%clk 00:11:28]} {[%emt 00:00:21]} Ra3 {[%clk 00:13:11]}
{[%emt 00:01:21]} 49. Re4 {[%clk 00:10:27]} {[%emt 00:01:31]} h5 {[%clk
00:12:37]} {[%emt 00:01:06]} 50. Ke2 {[%clk 00:09:26]} {[%emt 00:01:30]} Ra2+
{[%clk 00:11:50]} {[%emt 00:01:17]} 51. Kd3 {[%clk 00:09:07]} {[%emt 00:00:47]}
Ra3+ {[%clk 00:11:50]} {[%emt 00:00:32]} 52. Ke2 {[%clk 00:07:51]} {[%emt
00:01:45]} Ra2+ {[%clk 00:12:17]} {[%emt 00:00:04]} 53. Kf1 {[%clk 00:07:09]}
{[%emt 00:01:12]} Ra3 {[%clk 00:09:08]} {[%emt 00:03:39]} 54. Rc4 {[%clk
00:06:10]} {[%emt 00:01:29]} Ra2 {[%clk 00:09:02]} {[%emt 00:00:36]} 55. Be4
{[%clk 00:06:03]} {[%emt 00:00:36]} Ra3 {[%clk 00:08:44]} {[%emt 00:00:49]} 56.
Kg2 {[%clk 00:06:08]} {[%emt 00:00:24]} Re3 {[%clk 00:08:14]} {[%emt 00:01:01]}
57. Bd3 {[%clk 00:01:53]} {[%emt 00:04:45]} Re1 {[%clk 00:04:53]} {[%emt
00:03:50]} 58. Rcc1 {[%clk 00:02:10]} {[%emt 00:00:14]} Re3 {[%clk 00:05:05]}
{[%emt 00:00:18]} 59. Bf1 {[%clk 00:02:12]} {[%emt 00:00:28]} Re4 {[%clk
00:04:58]} {[%emt 00:00:37]} 60. Rc4 {[%clk 00:02:06]} {[%emt 00:00:34]} Re1
{[%clk 00:04:55]} {[%emt 00:00:35]} 61. Rcc1 {[%clk 00:01:35]} {[%emt
00:01:00]} 1/2-1/2

[Event "Tournoi International du Pays de Charleroi 2018"]
[Site "Roux, Belgium"]
[Date "2018.07.28"]
[Round "1.26"]
[White "Goormachtigh, Johan"]
[Black "Callier, Christophe"]
[Result "1-0"]
[WhiteElo "2148"]
[BlackElo "1970"]

1. d4 {[%clk 01:30:56]} {[%emt 00:00:03]} Nf6 {[%clk 01:30:59]} {[%emt
00:00:02]} 2. Nf3 {[%clk 01:30:59]} {[%emt 00:00:28]} g6 {[%clk 01:31:23]}
{[%emt 00:00:06]} 3. c4 {[%clk 01:31:01]} {[%emt 00:00:28]} Bg7 {[%clk
01:31:50]} {[%emt 00:00:04]} 4. Nc3 {[%clk 01:31:26]} {[%emt 00:00:06]} O-O
{[%clk 01:32:10]} {[%emt 00:00:10]} 5. e4 {[%clk 01:31:18]} {[%emt 00:00:39]}
d6 {[%clk 01:32:37]} {[%emt 00:00:04]} 6. Be2 {[%clk 01:31:42]} {[%emt
00:00:06]} e5 {[%clk 01:32:48]} {[%emt 00:00:21]} 7. Be3 {[%clk 01:31:19]}
{[%emt 00:00:57]} Ng4 {[%clk 01:32:59]} {[%emt 00:00:20]} 8. Bg5 {[%clk
01:31:42]} {[%emt 00:00:08]} f6 {[%clk 01:33:25]} {[%emt 00:00:04]} 9. Bh4
{[%clk 01:31:21]} {[%emt 00:00:54]} Nh6 {[%clk 01:31:45]} {[%emt 00:02:16]} 10.
dxe5 {[%clk 01:29:36]} {[%emt 00:02:20]} dxe5 {[%clk 01:32:02]} {[%emt
00:00:14]} 11. Qxd8 {[%clk 01:29:58]} {[%emt 00:00:09]} Rxd8 {[%clk 01:32:26]}
{[%emt 00:00:05]} 12. Nd5 {[%clk 01:30:23]} {[%emt 00:00:06]} g5 {[%clk
01:31:23]} {[%emt 00:01:39]} 13. Nxc7 {[%clk 01:30:39]} {[%emt 00:00:14]} gxh4
{[%clk 01:31:37]} {[%emt 00:00:16]} 14. Nxa8 {[%clk 01:31:04]} {[%emt
00:00:05]} Na6 {[%clk 01:31:58]} {[%emt 00:00:10]} 15. Rd1 {[%clk 01:31:28]}
{[%emt 00:00:06]} Rxd1+ {[%clk 01:30:10]} {[%emt 00:02:26]} 16. Kxd1 {[%clk
01:29:31]} {[%emt 00:02:35]} Bf8 {[%clk 01:29:59]} {[%emt 00:00:43]} 17. c5
{[%clk 01:27:14]} {[%emt 00:02:59]} Nxc5 {[%clk 01:26:36]} {[%emt 00:04:08]} 18.
Nc7 {[%clk 01:15:01]} {[%emt 00:13:44]} Nxe4 {[%clk 01:26:34]} {[%emt
00:00:35]} 19. Bc4+ {[%clk 01:15:18]} {[%emt 00:00:13]} Nf7 {[%clk 01:24:33]}
{[%emt 00:02:42]} 20. Ke2 {[%clk 01:05:12]} {[%emt 00:11:19]} Bg4 {[%clk
01:18:42]} {[%emt 00:06:48]} 21. Be6 {[%clk 00:58:21]} {[%emt 00:07:57]} Bh5
{[%clk 01:12:05]} {[%emt 00:07:34]} 22. g4 {[%clk 00:43:02]} {[%emt 00:17:06]}
hxg3 {[%clk 01:10:54]} {[%emt 00:01:47]} 23. hxg3 {[%clk 00:43:23]} {[%emt
00:00:10]} Bg6 {[%clk 01:05:49]} {[%emt 00:06:00]} 24. Nh4 {[%clk 00:43:16]}
{[%emt 00:00:40]} Bc5 {[%clk 01:04:06]} {[%emt 00:02:22]} 25. Nxg6 {[%clk
00:41:18]} {[%emt 00:02:39]} hxg6 {[%clk 01:04:31]} {[%emt 00:00:06]} 26. Rd1
{[%clk 00:37:25]} {[%emt 00:04:40]} Bd4 {[%clk 01:01:41]} {[%emt 00:03:34]} 27.
Nb5 {[%clk 00:36:14]} {[%emt 00:01:44]} Bxb2 {[%clk 00:51:29]} {[%emt
00:11:26]} 28. Rd8+ {[%clk 00:36:33]} {[%emt 00:00:11]} Kg7 {[%clk 00:51:36]}
{[%emt 00:00:25]} 29. Rd7 {[%clk 00:36:57]} {[%emt 00:00:06]} Neg5 {[%clk
00:51:54]} {[%emt 00:00:13]} 30. Bxf7 {[%clk 00:37:20]} {[%emt 00:00:07]} Nxf7
{[%clk 00:52:01]} {[%emt 00:00:24]} 31. Nd6 {[%clk 00:37:44]} {[%emt 00:00:06]}
1-0

[Event "Tournoi International du Pays de Charleroi 2018"]
[Site "Roux, Belgium"]
[Date "2018.07.28"]
[Round "1.15"]
[White "Chauvon, Guillaume"]
[Black "Van Mechelen, Jan"]
[Result "1-0"]
[BlackTitle "FM"]
[WhiteElo "2013"]
[BlackElo "2217"]

1. Nf3 {[%clk 01:30:56]} {[%emt 00:00:03]} f5 {[%clk 01:30:48]} {[%emt
00:00:12]} 2. c4 {[%clk 01:31:16]} {[%emt 00:00:11]} Nf6 {[%clk 01:31:11]}
{[%emt 00:00:06]} 3. g3 {[%clk 01:31:40]} {[%emt 00:00:07]} g6 {[%clk
01:31:34]} {[%emt 00:00:06]} 4. Bg2 {[%clk 01:32:00]} {[%emt 00:00:10]} Bg7
{[%clk 01:31:57]} {[%emt 00:00:06]} 5. O-O {[%clk 01:32:24]} {[%emt 00:00:07]}
O-O {[%clk 01:32:20]} {[%emt 00:00:07]} 6. Nc3 {[%clk 01:32:43]} {[%emt
00:00:11]} d6 {[%clk 01:32:43]} {[%emt 00:00:06]} 7. d4 {[%clk 01:33:10]}
{[%emt 00:00:03]} c6 {[%clk 01:33:07]} {[%emt 00:00:06]} 8. Rb1 {[%clk
01:28:43]} {[%emt 00:04:58]} Qc7 {[%clk 01:24:03]} {[%emt 00:09:34]} 9. d5
{[%clk 01:26:54]} {[%emt 00:02:20]} e5 {[%clk 01:22:30]} {[%emt 00:02:02]} 10.
dxe6 {[%clk 01:26:34]} {[%emt 00:00:51]} Bxe6 {[%clk 01:22:44]} {[%emt
00:00:15]} 11. Bf4 {[%clk 01:21:43]} {[%emt 00:05:20]} Rd8 {[%clk 01:18:10]}
{[%emt 00:05:03]} 12. c5 {[%clk 01:20:34]} {[%emt 00:01:40]} Bf8 {[%clk
01:16:56]} {[%emt 00:01:43]} 13. Ng5 {[%clk 01:11:58]} {[%emt 00:09:06]} Bf7
{[%clk 01:06:59]} {[%emt 00:10:27]} 14. e4 {[%clk 00:55:53]} {[%emt 00:16:36]}
fxe4 {[%clk 00:58:25]} {[%emt 00:09:04]} 15. Ngxe4 {[%clk 00:44:46]} {[%emt
00:11:37]} Nxe4 {[%clk 00:55:20]} {[%emt 00:03:35]} 16. Nxe4 {[%clk 00:45:11]}
{[%emt 00:00:06]} Bxa2 {[%clk 00:55:02]} {[%emt 00:00:48]} 17. cxd6 {[%clk
00:33:30]} {[%emt 00:12:11]} Qf7 {[%clk 00:53:04]} {[%emt 00:02:23]} 18. Ra1
{[%clk 00:18:51]} {[%emt 00:15:15]} h6 {[%clk 00:49:44]} {[%emt 00:03:49]} 19.
Qd2 {[%clk 00:16:14]} {[%emt 00:03:07]} Bd5 {[%clk 00:46:55]} {[%emt 00:03:19]}
20. Bxh6 {[%clk 00:12:07]} {[%emt 00:04:38]} Bxe4 {[%clk 00:47:07]} {[%emt
00:00:17]} 21. Bxe4 {[%clk 00:11:59]} {[%emt 00:00:39]} Rxd6 {[%clk 00:47:09]}
{[%emt 00:00:28]} 22. Qg5 {[%clk 00:10:04]} {[%emt 00:02:25]} Nd7 {[%clk
00:44:39]} {[%emt 00:02:59]} 23. Rfd1 {[%clk 00:09:25]} {[%emt 00:01:10]} Bxh6
{[%clk 00:38:59]} {[%emt 00:06:10]} 24. Qxh6 {[%clk 00:09:52]} {[%emt
00:00:03]} Rxd1+ {[%clk 00:39:15]} {[%emt 00:00:14]} 25. Rxd1 {[%clk 00:10:20]}
{[%emt 00:00:03]} Nf8 {[%clk 00:39:28]} {[%emt 00:00:16]} 26. Rd6 {[%clk
00:08:58]} {[%emt 00:01:53]} Qg7 {[%clk 00:36:11]} {[%emt 00:03:47]} 27. Qg5
{[%clk 00:08:48]} {[%emt 00:00:39]} Kh7 {[%clk 00:31:18]} {[%emt 00:05:22]} 28.
Qh5 {[%clk 00:09:13]} {[%emt 00:00:06]} Qh6 {[%clk 00:31:27]} {[%emt 00:00:20]}
29. Bxg6 {[%clk 00:09:31]} {[%emt 00:00:13]} Kg7 {[%clk 00:31:12]} {[%emt
00:00:44]} 30. Qe5+ {[%clk 00:09:47]} {[%emt 00:00:15]} 1-0

[Event "Tournoi International du Pays de Charleroi 2018"]
[Site "Roux, Belgium"]
[Date "2018.07.28"]
[Round "1.30"]
[White "Maddens, Martijn"]
[Black "Nair, Sanjeev"]
[Result "0-1"]
[WhiteElo "2141"]
[BlackElo "1942"]

1. e4 {[%clk 01:30:57]} {[%emt 00:00:01]} c5 {[%clk 01:30:35]} {[%emt
00:00:26]} 2. c3 {[%clk 01:31:22]} {[%emt 00:00:05]} b6 {[%clk 01:30:30]}
{[%emt 00:00:36]} 3. d4 {[%clk 01:29:38]} {[%emt 00:02:12]} Bb7 {[%clk
01:30:55]} {[%emt 00:00:06]} 4. Bd3 {[%clk 01:29:34]} {[%emt 00:00:33]} Nf6
{[%clk 01:30:59]} {[%emt 00:00:26]} 5. Qe2 {[%clk 01:29:24]} {[%emt 00:00:41]}
cxd4 {[%clk 01:30:11]} {[%emt 00:01:17]} 6. cxd4 {[%clk 01:29:47]} {[%emt
00:00:07]} Nc6 {[%clk 01:30:35]} {[%emt 00:00:06]} 7. d5 {[%clk 01:23:35]}
{[%emt 00:06:43]} Ne5 {[%clk 01:24:28]} {[%emt 00:06:37]} 8. Nc3 {[%clk
01:23:27]} {[%emt 00:00:38]} Nxd3+ {[%clk 01:21:52]} {[%emt 00:03:06]} 9. Qxd3
{[%clk 01:23:15]} {[%emt 00:00:42]} d6 {[%clk 01:22:05]} {[%emt 00:00:17]} 10.
Nge2 {[%clk 01:16:37]} {[%emt 00:07:07]} g6 {[%clk 01:20:23]} {[%emt 00:02:13]}
11. O-O {[%clk 01:16:24]} {[%emt 00:00:42]} Bg7 {[%clk 01:19:55]} {[%emt
00:00:58]} 12. Be3 {[%clk 01:15:45]} {[%emt 00:01:09]} O-O {[%clk 01:05:27]}
{[%emt 00:14:58]} 13. f4 {[%clk 01:13:12]} {[%emt 00:03:03]} Nd7 {[%clk
00:56:54]} {[%emt 00:09:03]} 14. b4 {[%clk 01:04:56]} {[%emt 00:08:47]} Rc8
{[%clk 00:48:45]} {[%emt 00:08:39]} 15. Rac1 {[%clk 00:58:58]} {[%emt
00:06:27]} Qc7 {[%clk 00:48:13]} {[%emt 00:01:02]} 16. Nb5 {[%clk 00:58:02]}
{[%emt 00:01:26]} Qb8 {[%clk 00:48:10]} {[%emt 00:00:34]} 17. Nbd4 {[%clk
00:51:02]} {[%emt 00:07:30]} Qa8 {[%clk 00:43:20]} {[%emt 00:05:19]} 18. Nc3
{[%clk 00:42:46]} {[%emt 00:08:46]} a5 {[%clk 00:37:59]} {[%emt 00:05:52]} 19.
b5 {[%clk 00:41:38]} {[%emt 00:01:37]} Nc5 {[%clk 00:36:20]} {[%emt 00:02:09]}
20. Qb1 {[%clk 00:36:36]} {[%emt 00:05:33]} e6 {[%clk 00:23:14]} {[%emt
00:13:35]} 21. Nc6 {[%clk 00:36:26]} {[%emt 00:00:40]} Rce8 {[%clk 00:22:15]}
{[%emt 00:01:29]} 22. Bxc5 {[%clk 00:31:53]} {[%emt 00:05:04]} bxc5 {[%clk
00:10:38]} {[%emt 00:12:07]} 23. f5 {[%clk 00:27:40]} {[%emt 00:04:42]} exf5
{[%clk 00:06:54]} {[%emt 00:04:15]} 24. exf5 {[%clk 00:28:00]} {[%emt
00:00:10]} Bd4+ {[%clk 00:05:41]} {[%emt 00:01:42]} 25. Kh1 {[%clk 00:28:27]}
{[%emt 00:00:03]} Bxc6 {[%clk 00:02:18]} {[%emt 00:03:54]} 26. dxc6 {[%clk
00:28:14]} {[%emt 00:00:43]} Re5 {[%clk 00:02:26]} {[%emt 00:00:22]} 27. Ne4
{[%clk 00:27:10]} {[%emt 00:01:33]} Qd8 {[%clk 00:00:33]} {[%emt 00:02:23]} 28.
fxg6 {[%clk 00:24:34]} {[%emt 00:03:07]} hxg6 {[%clk 00:00:50]} {[%emt
00:00:13]} 29. Nf6+ {[%clk 00:22:32]} {[%emt 00:02:32]} Kg7 {[%clk 00:01:18]}
30. h3 {[%clk 00:17:57]} {[%emt 00:05:06]} Re2 {[%clk 00:00:50]} {[%emt
00:00:58]} 31. Nd7 {[%clk 00:17:17]} {[%emt 00:01:09]} Qg5 {[%clk 00:01:01]}
{[%emt 00:00:19]} 32. Rg1 {[%clk 00:16:30]} {[%emt 00:01:18]} Rh8 {[%clk
00:01:10]} {[%emt 00:00:21]} 33. Qd3 {[%clk 00:14:21]} {[%emt 00:02:38]} Re3
{[%clk 00:00:40]} {[%emt 00:01:01]} 34. Qf1 {[%clk 00:14:49]} {[%emt 00:00:01]}
Qd5 {[%clk 00:00:57]} {[%emt 00:00:14]} 35. Kh2 {[%clk 00:14:58]} {[%emt
00:00:21]} Qxa2 {[%clk 00:00:32]} {[%emt 00:00:55]} 36. Kh1 {[%clk 00:14:36]}
{[%emt 00:00:51]} Re2 {[%clk 00:00:38]} {[%emt 00:00:25]} 37. Qf3 {[%clk
00:14:23]} {[%emt 00:00:43]} Re3 {[%clk 00:00:32]} {[%emt 00:00:36]} 38. Qf1
{[%clk 00:12:07]} {[%emt 00:02:45]} Qd5 {[%clk 00:00:37]} {[%emt 00:00:26]} 39.
Kh2 {[%clk 00:12:23]} {[%emt 00:00:14]} Qa2 {[%clk 00:00:33]} {[%emt 00:00:34]}
40. Kh1 {[%clk 00:12:27]} {[%emt 00:00:26]} Re2 {[%clk 00:00:33]} {[%emt
00:00:30]} 41. Qf3 {[%clk 00:11:27]} {[%emt 00:01:30]} Qe6 {[%clk 00:00:33]}
{[%emt 00:00:30]} 42. Kh2 {[%clk 00:24:41]} {[%emt 00:17:16]} Re3 {[%clk
00:21:07]} {[%emt 00:09:55]} 43. Qf1 {[%clk 00:24:44]} {[%emt 00:00:26]} Qg4
{[%clk 00:20:29]} {[%emt 00:01:09]} 44. b6 {[%clk 00:15:39]} {[%emt 00:09:36]}
Qg3 {[%clk 00:19:48]} {[%emt 00:01:10]} 45. Kh1 {[%clk 00:16:01]} {[%emt
00:00:08]} Rf3 {[%clk 00:19:51]} {[%emt 00:00:28]} 46. Qxf3 {[%clk 00:15:25]}
{[%emt 00:01:05]} Rxh3 {[%clk 00:20:11]} {[%emt 00:00:10]} 47. gxh3 {[%clk
00:15:51]} {[%emt 00:00:04]} Qxf3 {[%clk 00:20:38]} {[%emt 00:00:03]} 48. Rg2
{[%clk 00:15:40]} {[%emt 00:00:42]} Qxh3 {[%clk 00:18:04]} {[%emt 00:03:04]} 49.
Rh2 {[%clk 00:16:07]} {[%emt 00:00:02]} Qf3 {[%clk 00:17:50]} {[%emt 00:00:44]}
50. Rg2 {[%clk 00:16:35]} {[%emt 00:00:02]} Qxc6 {[%clk 00:17:38]} {[%emt
00:00:42]} 51. Rb1 {[%clk 00:16:37]} {[%emt 00:00:28]} Qe4 {[%clk 00:17:38]}
{[%emt 00:00:30]} 52. Rb3 {[%clk 00:14:53]} {[%emt 00:02:14]} Qh4 {[%clk
00:15:19]} {[%emt 00:02:49]} 53. Rh2 {[%clk 00:15:22]} {[%emt 00:00:01]} Qe1
{[%clk 00:15:40]} {[%emt 00:00:09]} 54. Kg2 {[%clk 00:15:50]} Qf2+ {[%clk
00:09:07]} {[%emt 00:07:04]} 55. Kh3 {[%clk 00:16:14]} {[%emt 00:00:06]} Qf5
{[%clk 00:06:37]} {[%emt 00:03:01]} 56. Kg3 {[%clk 00:16:30]} {[%emt 00:00:12]}
Qg5+ {[%clk 00:03:43]} {[%emt 00:03:25]} 57. Kh3 {[%clk 00:16:10]} {[%emt
00:00:49]} Qf5 {[%clk 00:03:43]} {[%emt 00:00:31]} 58. Kg3 {[%clk 00:16:13]}
{[%emt 00:00:25]} Qxd7 {[%clk 00:03:19]} {[%emt 00:00:56]} 59. b7 {[%clk
00:16:00]} {[%emt 00:00:44]} Be5+ {[%clk 00:03:46]} {[%emt 00:00:03]} 60. Kg2
{[%clk 00:15:12]} {[%emt 00:01:17]} Qg4+ {[%clk 00:03:54]} {[%emt 00:00:23]} 61.
Kf2 {[%clk 00:15:09]} {[%emt 00:00:32]} Bd4+ {[%clk 00:03:06]} {[%emt
00:01:18]} 62. Re3 {[%clk 00:13:21]} {[%emt 00:02:18]} Bxe3+ {[%clk 00:03:19]}
{[%emt 00:00:17]} 63. Kxe3 {[%clk 00:13:47]} {[%emt 00:00:05]} Qd4+ {[%clk
00:03:41]} {[%emt 00:00:07]} 0-1

[Event "Tournoi International du Pays de Charleroi 2018"]
[Site "Roux, Belgium"]
[Date "2018.07.28"]
[Round "1.12"]
[White "Klinova, Masha"]
[Black "Depouhon, Jean"]
[Result "1-0"]
[WhiteTitle "WGM"]
[WhiteElo "2298"]
[BlackElo "2023"]

1. e4 {[%clk 01:30:56]} {[%emt 00:00:03]} c5 {[%clk 01:30:53]} {[%emt
00:00:07]} 2. Nf3 {[%clk 01:31:21]} {[%emt 00:00:04]} g6 {[%clk 01:31:17]}
{[%emt 00:00:06]} 3. c3 {[%clk 01:31:27]} {[%emt 00:00:25]} d5 {[%clk
01:30:58]} {[%emt 00:00:50]} 4. exd5 {[%clk 01:30:51]} {[%emt 00:01:06]} Qxd5
{[%clk 01:31:18]} {[%emt 00:00:10]} 5. d4 {[%clk 01:30:26]} {[%emt 00:00:54]}
cxd4 {[%clk 01:27:54]} {[%emt 00:03:55]} 6. Qxd4 {[%clk 01:27:59]} {[%emt
00:02:57]} Qxd4 {[%clk 01:28:13]} {[%emt 00:00:11]} 7. Nxd4 {[%clk 01:28:24]}
{[%emt 00:00:05]} Bg7 {[%clk 01:25:27]} {[%emt 00:03:15]} 8. Nb5 {[%clk
01:26:56]} {[%emt 00:01:58]} Na6 {[%clk 01:24:43]} {[%emt 00:01:15]} 9. Be3
{[%clk 01:26:17]} {[%emt 00:01:08]} b6 {[%clk 01:18:18]} {[%emt 00:06:55]} 10.
Be2 {[%clk 01:20:09]} {[%emt 00:06:38]} Bb7 {[%clk 01:16:45]} {[%emt 00:02:03]}
11. O-O {[%clk 01:20:32]} {[%emt 00:00:07]} Nh6 {[%clk 01:15:28]} {[%emt
00:01:47]} 12. N1a3 {[%clk 01:17:47]} {[%emt 00:03:14]} Nf5 {[%clk 01:14:28]}
{[%emt 00:01:31]} 13. Bf4 {[%clk 01:16:05]} {[%emt 00:02:12]} e5 {[%clk
01:14:11]} {[%emt 00:00:47]} 14. Bd2 {[%clk 01:12:09]} {[%emt 00:04:27]} O-O
{[%clk 01:12:21]} {[%emt 00:02:19]} 15. Rad1 {[%clk 01:11:49]} {[%emt
00:00:50]} Nc5 {[%clk 01:08:56]} {[%emt 00:03:56]} 16. Bc1 {[%clk 01:05:06]}
{[%emt 00:07:12]} a6 {[%clk 00:47:54]} {[%emt 00:21:33]} 17. Nd6 {[%clk
01:03:17]} {[%emt 00:02:18]} Nxd6 {[%clk 00:46:16]} {[%emt 00:02:08]} 18. Rxd6
{[%clk 01:03:39]} {[%emt 00:00:08]} b5 {[%clk 00:45:28]} {[%emt 00:01:19]} 19.
Rfd1 {[%clk 00:53:37]} {[%emt 00:10:31]} Rab8 {[%clk 00:40:20]} {[%emt
00:05:39]} 20. Nc2 {[%clk 00:49:03]} {[%emt 00:05:04]} f5 {[%clk 00:33:29]}
{[%emt 00:07:21]} 21. Nb4 {[%clk 00:43:12]} {[%emt 00:06:21]} Rfe8 {[%clk
00:28:52]} {[%emt 00:05:06]} 22. Nc6 {[%clk 00:39:52]} {[%emt 00:03:50]} Rbc8
{[%clk 00:25:52]} {[%emt 00:03:30]} 23. Na5 {[%clk 00:39:32]} {[%emt 00:00:50]}
Ba8 {[%clk 00:22:12]} {[%emt 00:04:09]} 24. Be3 {[%clk 00:29:21]} {[%emt
00:10:42]} Na4 {[%clk 00:18:29]} {[%emt 00:04:13]} 25. Rxa6 {[%clk 00:25:30]}
{[%emt 00:04:21]} Nxb2 {[%clk 00:17:39]} {[%emt 00:01:21]} 26. Rd2 {[%clk
00:17:28]} {[%emt 00:08:31]} Nc4 {[%clk 00:17:30]} {[%emt 00:00:39]} 27. Nxc4
{[%clk 00:15:35]} {[%emt 00:02:24]} bxc4 {[%clk 00:17:52]} {[%emt 00:00:08]} 28.
Ra4 {[%clk 00:13:08]} {[%emt 00:02:56]} f4 {[%clk 00:17:03]} {[%emt 00:01:18]}
29. Ba7 {[%clk 00:13:03]} {[%emt 00:00:36]} e4 {[%clk 00:17:06]} {[%emt
00:00:27]} 30. Bxc4+ {[%clk 00:11:30]} {[%emt 00:02:03]} Kh8 {[%clk 00:17:07]}
{[%emt 00:00:29]} 31. Bd4 {[%clk 00:09:01]} {[%emt 00:02:59]} e3 {[%clk
00:15:14]} {[%emt 00:02:23]} 32. fxe3 {[%clk 00:08:14]} {[%emt 00:01:17]} fxe3
{[%clk 00:15:26]} {[%emt 00:00:18]} 33. Bxg7 {[%clk 00:03:27]} {[%emt
00:05:17]} Kxg7 {[%clk 00:15:45]} {[%emt 00:00:11]} 34. Re2 {[%clk 00:03:24]}
{[%emt 00:00:32]} Rcd8 {[%clk 00:15:18]} {[%emt 00:00:58]} 35. h3 {[%clk
00:02:27]} {[%emt 00:01:27]} Rd1+ {[%clk 00:14:51]} {[%emt 00:00:57]} 36. Kh2
{[%clk 00:02:52]} {[%emt 00:00:05]} Rc1 {[%clk 00:14:05]} {[%emt 00:01:16]} 37.
Ra7+ {[%clk 00:02:06]} {[%emt 00:01:17]} Kh6 {[%clk 00:14:11]} {[%emt
00:00:23]} 38. Bf7 {[%clk 00:02:12]} {[%emt 00:00:23]} Rf8 {[%clk 00:12:29]}
{[%emt 00:02:13]} 39. Rxe3 {[%clk 00:02:35]} {[%emt 00:00:07]} Rc2 {[%clk
00:12:19]} {[%emt 00:00:40]} 40. Rg3 {[%clk 00:02:36]} {[%emt 00:00:28]} 1-0